000 00557nam a22001697a 4500
003 OSt
005 20260202121605.0
008 260202b |||||||| |||| 00| 0 eng d
040 _cMRSPTU
041 _aEnglish
100 _aSanjay Kumar, Supervisor: Dr. Manjeet Bansal
245 _aEnvironmental Impacts of Crop Residue Burning on Air Quality of Bathinda Area-Punjab
260 _bDepartment of Civil Engg. MRSPTU, Bathinda
_c2016
650 _aCivil Engineering
856 _uhttp://163.47.215.52:8080/jspui/handle/123456789/277
942 _2ddc
_cTH
_n0
999 _c10825
_d10825